000 00364nam a2200145Ia 4500
008 210719s1903 xx 000 0 und d
041 _aeng
082 _a821.912 NICP
100 _aNICKLIN (J A) Ed
245 _aPoems of english history.
260 _aLondon
_bAdam and Charles Black
_c1903
300 _avi,146
_bHB
365 _cRs
650 _aEnglish Poetry
999 _c214077
_d214077